Региональный рынок интеллектуальной собственности (Запись № 10702140)

Подробности
000 -МАРКЕР
контрольное поле 01632nam1a2200301 i 4500
001 - ИДЕНТИФИКАТОР ЗАПИСИ
контрольное поле RU\NLR\BIBL_A\010926358
005 - ИДЕНТИФИКАТОР ВЕРСИИ
контрольное поле 20240921163154.0
035 ## - ДРУГИЕ СИСТЕМНЫЕ НОМЕРА
Идентификатор записи (NLR Aleph) 010926358
100 ## - ДАННЫЕ ОБЩЕЙ ОБРАБОТКИ
Данные общей обработки 20150728g20149999km y0rusy50 ca
101 0# - ЯЗЫК РЕСУРСА
Язык текста, звукозаписи и т.д. русский
102 ## - СТРАНА ПУБЛИКАЦИИ ИЛИ ПРОИЗВОДСТВА
Страна публикации Российская Федерация
105 ## - ПОЛЕ КОДИРОВАННЫХ ДАННЫХ: ТЕКСТОВЫЕ МАТЕРИАЛЫ, МОНОГРАФИЧЕСКИЕ
Кодированные данные о монографическом текстовом документе ||||z||||||||
200 1# - ЗАГЛАВИЕ И СВЕДЕНИЯ ОБ ОТВЕТСТВЕННОСТИ
Основное заглавие Региональный рынок интеллектуальной собственности
Первые сведения об ответственности Абдуллин А. Л., Арсланов В. А., Газизов И. С. [и др.]
Последующие сведения об ответственности под ред. д-ра экон. наук, проф., чл.-кор. Акад. наук РТ В. В. Хоменко
-- Акад. наук Респ. Татарстан
205 ## - СВЕДЕНИЯ ОБ ИЗДАНИИ
Сведения об издании Изд. 2-е, доп.
210 ## - ПУБЛИКАЦИЯ, РАСПРОСТРАНЕНИЕ И ДР.
Место издания, распространения и т.д. Казань
Имя издателя, распространителя и т. д. Академия наук РТ
-- Бриг
Дата издания, распространения и т.д. 2014
215 ## - ФИЗИЧЕСКАЯ ХАРАКТЕРИСТИКА
Размеры 21
300 ## - ОБЩИЕ ПРИМЕЧАНИЯ
Текст примечания На обороте тит. л. авт.: Абдуллин А. Л. - д.т.н., проф., акад., Арсланов В. А. - к.т.н., доц., Газизов И. С. - к.б.н. [и др.]
606 1# - НАИМЕНОВАНИЕ ТЕМЫ КАК ПРЕДМЕТ
Наименование темы Интеллектуальная собственность
Тематический подзаголовок Региональные рынки
Географический подзаголовок Российская Федерация
Системный номер авторитетной/нормативной записи 2266285
Идентификатор авторитетной/нормативной записи RU\NLR\AUTH\6601587991
686 1# - ИНДЕКСЫ ДРУГИХ КЛАССИФИКАЦИЙ
Индекс Х623.4
701 #1 - ИМЯ ЛИЦА - АЛЬТЕРНАТИВНАЯ ОТВЕТСТВЕННОСТЬ
Начальный элемент ввода Абдуллин
Часть имени, кроме начального элемента ввода А. Л.
Расширение инициалов личного имени Айрат Лесталевич
701 #1 - ИМЯ ЛИЦА - АЛЬТЕРНАТИВНАЯ ОТВЕТСТВЕННОСТЬ
Начальный элемент ввода Арсланов
Часть имени, кроме начального элемента ввода В. А.
Расширение инициалов личного имени Венер Абдуллович
701 #1 - ИМЯ ЛИЦА - АЛЬТЕРНАТИВНАЯ ОТВЕТСТВЕННОСТЬ
Начальный элемент ввода Газизов
Часть имени, кроме начального элемента ввода И. С.
Расширение инициалов личного имени Ильдар Сабирович
702 #1 - ИМЯ ЛИЦА - ВТОРИЧНАЯ ОТВЕТСТВЕННОСТЬ
Начальный элемент ввода Хоменко
Часть имени, кроме начального элемента ввода В. В.
Расширение инициалов личного имени Вадим Васильевич
Код отношения Редактор
852 ## - МЕСТОНАХОЖДЕНИЕ И ШИФР ХРАНЕНИЯ
Идентификатор организации NLR
Шифр хранения (Call Number) 2015-3/23809
942 ## - ДОПОЛНИТЕЛЬНЫЕ ЭЛЕМЕНТЫ ЗАПИСИ (АБИС)
Тип экземпляра АБИС Книга

Нет доступных экземпляров.